• 首页
  • 本馆介绍
  • 公告通知
  • 最新文献
  • 馆藏检索
  • 电子资源
  • 读者导购
  • 参考咨询
  • 我的图书馆
  • 登录
  • 详细信息显示
  • 放入我的书架
  • 预约/预借图书
  • 作者相关作品
  • 分类相关作品
  • 丛书相关作品
  • 出版社相关作品

书目信息

  • 表格格式
  • 工作单格式
  • 卡片格式
题名:
论文选集
    
 
作者: ;沈阳师范学院教育科学研究所
分册:  
出版信息: 沈阳   不详  1985
页数: 472页
开本: 19cm
丛书名:
单 册:
中图分类: G270-53
科图分类:
主题词:
电子资源:
ISBN:
000 00644nam0 2200205 45
001 0189030161
005 20070804162023.28
010    @d不详
100    @a19911017d1985 m y0chiy0120 ea
101 0  @achi
102    @aCN@b210000
105    @ay m 000yy
200 10 @a论文选集@Alun wen xuan ji@f沈阳师范学院教育科学研究所@Fshen yang shi fan xue yuan jiao yu ke xue yan jiu suo
210    @a沈阳@c不详@d1985
215    @a472页@d19cm
540 1  @a论文@Alun wen
690    @aG270-53@v1980
711 02 @a沈阳师范学院教育科学研究所@Ashen yang shi fan xue yuan jiao yu ke xue yan jiu suo
801  0 @aCN@bTSSF@c20070804
905    @a10447@dG270-53@e57
    
    论文选集/沈阳师范学院教育科学研究所.-沈阳:不详,1985
    472页;19cm
    
    
    ISBN :不详
    
●
相关链接 在E读中查询图书 在五车中查询图书 在当当中查询图书 在豆瓣中查询图书


正题名:论文选集     索取号:G270-53/57         预约/预借

序号 登录号 条形码 馆藏地/架位号 状态 备注
1 0791579   207915791   第一样本阅览室/ [索取号:G270-53/57] 在馆    
唐山师范学院图书馆 欢迎您!
大连网信软件有限公司© 版权所有